Socioeconomía de la solidaridad : (Registro nro. 7772)
[ vista simple ]
| 000 -LEADER | |
|---|---|
| fixed length control field | 02099nam a2200277Ia 4500 |
| 003 - CONTROL NUMBER IDENTIFIER | |
| control field | OSt |
| 005 - DATE AND TIME OF LATEST TRANSACTION | |
| control field | 20210503103018.0 |
| 008 - FIXED-LENGTH DATA ELEMENTS--GENERAL INFORMATION | |
| fixed length control field | 210310s2014 ck gr 001 0dspa d |
| 020 ## - INTERNATIONAL STANDARD BOOK NUMBER | |
| International Standard Book Number | 9789587600216 |
| 040 ## - CATALOGING SOURCE | |
| Original cataloging agency | CO-JMCR |
| Transcribing agency | CO-JMCR |
| 041 0# - LANGUAGE CODE | |
| Language code of text/sound track or separate title | spa |
| 082 04 - DEWEY DECIMAL CLASSIFICATION NUMBER | |
| Classification number | 334.09861 / |
| Item number | G934s |
| Edition number | 23 |
| 100 1# - MAIN ENTRY--PERSONAL NAME | |
| Personal name | Guerra, Pablo, |
| 9 (RLIN) | 15412 |
| Relator term | autor |
| 245 10 - TITLE STATEMENT | |
| Title | Socioeconomía de la solidaridad : |
| Remainder of title | una teoría para dar cuenta de las experiencias sociales y económicas alternativas / |
| Statement of responsibility, etc. | Pablo Guerra |
| 246 05 - VARYING FORM OF TITLE | |
| Title proper/short title | Socio-economy of solidarity : |
| Remainder of title | a theory to shed light on alternative social and economic experiences |
| 250 ## - EDITION STATEMENT | |
| Edition statement | Segunda edición |
| 260 ## - PUBLICATION, DISTRIBUTION, ETC. | |
| Place of publication, distribution, etc. | Bogotá : |
| Name of publisher, distributor, etc. | Universidad Cooperativa de Colombia, |
| Date of publication, distribution, etc. | 2014 |
| 300 ## - PHYSICAL DESCRIPTION | |
| Extent | 277 páginas ; |
| Dimensions | 24 cm. |
| 500 ## - GENERAL NOTE | |
| General note | Incluye índice analítico, notas a pie de página y datos biográficos del autor. |
| 504 ## - BIBLIOGRAPHY, ETC. NOTE | |
| Bibliography, etc. note | Incluye bibliografía la final de cada capítulo y bibliografía general páginas 261-269 |
| 505 0# - FORMATTED CONTENTS NOTE | |
| Formatted contents note | Socioeconomía de la solidaridad: construcción teórica de nuestro objeto de estudio -- El trasfondo de la socioeconomía de la solidaridad: una alternativa en materia de desarrollo -- Mercado, sociedad y Estado en las ciencias sociales: ¿es la sociedad un valor residual? -- Las etapas del proceso económico: hacía una teoría socioeconómica solidaria de la producción, la distribución, el consumo y la acumulación -- La conformación de los tres grandes sectores de nuestros mercados determinante |
| 520 3# - SUMMARY, ETC. | |
| Summary, etc. | Desde hace varios años, en el mundo de las ideas y las prácticas económicas alternativas se vienen divulgando conceptos como los de economía solidaria o socioeconomía de la solidaridad -como hemos preferido denominarla en esta obra- para dar cuenta de las numerosas experiencias de hacer economía (en sus diversas fases de producción, distribución, consumo y acumulación) de manera solidaria, con base en valores como la cooperación, la participación democrática, la equidad y el cuidado del ambiente. |
| 650 14 - SUBJECT ADDED ENTRY--TOPICAL TERM | |
| Topical term or geographic name entry element | Economía solidaria |
| 9 (RLIN) | 15414 |
| 650 14 - SUBJECT ADDED ENTRY--TOPICAL TERM | |
| Topical term or geographic name entry element | Cooperativismo |
| 9 (RLIN) | 37340 |
| 942 ## - ADDED ENTRY ELEMENTS (KOHA) | |
| Source of classification or shelving scheme | Dewey Decimal Classification |
| Koha item type | Books |
| Withdrawn status | Lost status | Source of classification or shelving scheme | Damaged status | Not for loan | Collection code | Home library | Current library | Date acquired | Source of acquisition | Full call number | Barcode | Date last seen | Copy number | Koha item type |
|---|---|---|---|---|---|---|---|---|---|---|---|---|---|---|
| Dewey Decimal Classification | Non-fiction | Biblioteca Pública José María del Castillo y Rada | Biblioteca Pública José María del Castillo y Rada | 04/15/2018 | Donación | 334.09861 / G934s | 430000249 | 05/16/2024 | Ej.1 | Books |